00214nam a2200085 a 450000500170000000800410001705000170005824500430007526000100011820141022141958.0120306s19uu xx 00 eng d aCDbB38 2004 aExploring :b3D modelling with MAYA 6. c2004.